Russians in the Top 100 ATP/WTA Rankings - Statistics

General Stats
  • This quiz has been taken 119 times
    31 since last reset
  • The average score is 7 of 15
Answer Stats
ATP/WTA # Birthplace Player % Correct
ATP 11 Moscow Daniil Medvedev
97%
ATP 15 Moscow Andrey Rublev
93%
WTA 6 Krasnoyarsk Mirra Andreeva
87%
ATP 24 Moscow Karen Khachanov
77%
WTA 20 Chelyabinsk Ekaterina Alexandrova
57%
WTA 18 Olenegorsk Liudmila Samsonova
53%
WTA 50 Samara Anastasia Pavlyuchenkova
43%
WTA 28 Moscow Anna Kalinskaya
43%
WTA 12 Zhigulevsk Diana Shnaider
40%
WTA 37 Saratov Anastasia Potapova
37%
WTA 58 ? Polina Kudermetova
30%
WTA 46 Kazan Veronika Kudermetova
30%
ATP 72 Podolsk Roman Safiullin
27%
WTA 62 Moscow Anna Blinkova
23%
WTA 86 Yekaterinburg Kamilla Rakhimova
10%
No matching quizzes found
Score Distribution
Percent of People with Each Score
Percentile by Number Answered
Your Score History
You have not taken this quiz since the last reset